00678nam a22001937a 4500999001900000005001700019010001300036020002300049035001300072037000900085082001600094100002000110245006500130260003700195270002300232300003300255942003000288952016600318 c179003d17900320210510123648.0 aB-739913 a8185832277c295.00 aB-739913 bGift a704.9420954 aAhuja, Naman P. aRupa-pratirupa:bthe body in Indian art /cby Naman P. Ahuja bNational Museumc2014aNew Delhi aJanpathbNew Delhi avii, 212p.:c24cm(pbk)eill. 2ddccENh704.9420954mAHU 001040708NFICaAVbAVd2021-05-10eGift/Eng/03-05-2021g295.00l1o704.9420954 AHUpB-739913r2022-07-27 00:00:00s2022-07-21t1v295.00w2021-05-10yENzGift